00758 2200241 4500001002100000005001500021035002500036008004100061040001700102082001700119084001900136245007600155260007200231300004300303850001200346007000300358090002300361090002200384110005100406651001500457999002200472990002200494INLIS00000000001939920200713083532 a0010-041600000000403160420s2015 yoia gr ind d aYOPDYOGeind04222a915.9823 a915.9823 YOG p00aProfil Daerah Istimewa Yogyakarta /cBadan Perencanaan Daerah (BAPPEDA)3 aYogyakarta :bBadan Perencanaan Pembangunan Daerah (BAPPEDA),c2015 aviii, 86 halaman :bilustrasi ;c25 cm aYOPDYOGta aDEP 915.9823 YOG p aCB-D.11 2015-1624 aYogyakarta. Badan Perencanaan Daerah (BAPPEDA) 4aYogyakarta aCB-D.11/2015-1624 aCB-D.11/2015-1624